A construção europeia 40 anos de reflexão em Coimbra

Gespeichert in:
Bibliographische Detailangaben
Format: Buch
Sprache:Portugiesisch
Veröffentlicht: Coimbra Imprensa da Universidade de Coimbra 2025
Ausgabe:1ª edição
Schlagworte:
Tags: Tag hinzufügen
Keine Tags, Fügen Sie das erste Tag hinzu!

MARC

LEADER 00000nlm a2200000 4500
001 0314090
005 20260116093959.7
020 |a 978-989-26-2741-0 
041 0 |a por 
044 |a PT 
245 1 0 |a A construção europeia  |b 40 anos de reflexão em Coimbra 
250 |a 1ª edição 
264 1 |a Coimbra  |b Imprensa da Universidade de Coimbra  |c 2025 
300 |a 441 s. 
610 2 0 |a integrácia ekonomická 
610 2 0 |a integrácia ekonomická medzinárodná 
610 2 0 |a vedy spoločenské 
610 2 0 |a vedy humanitné 
610 2 0 |a štúdie 
610 2 0 |a Európa 
610 2 0 |a Portugalsko